Taylor Swift - Nothing New (Ft. Phoebe Bridgers) Lyrics - Statistics

General Stats
  • This quiz has been taken 248 times
  • The average score is 320 of 361
Answer Stats
Answer % Correct
a
100%
an
100%
I
100%
nothin'
100%
and
99%
And
99%
at
99%
I'm
99%
me
99%
new?
99%
When
99%
you
99%
can
98%
How
98%
it
98%
it"
98%
nothing
98%
still
98%
the
98%
The
98%
want
98%
but
97%
But
97%
have
97%
know
97%
my
97%
will
97%
Will
97%
your
97%
everythin'
96%
go
96%
in
95%
do
94%
eighteen
94%
of
94%
on
94%
person
94%
Then
94%
then
94%
to
94%
twenty-two?
94%
you're
94%
it's
92%
It's
92%
like
92%
They
92%
they
92%
time
92%
too
92%
cry
91%
fun"
91%
out
91%
who
91%
be
90%
feel
90%
"Girls
90%
had
90%
middle
90%
moving
90%
much
90%
night
90%
tell
90%
tonight
90%
up
90%
drink
89%
this
89%
wake
89%
what
89%
young
89%
say
88%
I've
87%
"She
87%
she
87%
think
87%
From
86%
from
86%
only
86%
room?
86%
room
86%
actually
85%
all
85%
is
85%
about
84%
down
84%
down?
84%
way
84%
cryin'
83%
long
83%
she's
83%
through
83%
been
82%
looks
82%
sleep
82%
are
81%
Are
81%
ones
81%
cute
80%
dream
80%
growin'
80%
her
80%
I'll
80%
lost
80%
seventeen
80%
while
80%
myself
79%
we
79%
did
78%
kind
78%
Oh
78%
oh
78%
(Oh)
78%
Once
78%
once
78%
sad
78%
sky
78%
with
78%
become
77%
breaking
77%
eyes
77%
fever
77%
gonna
77%
smiles
77%
cheeks
76%
faking
76%
fly
76%
for
76%
novelty?
76%
someday
76%
affection
75%
blame
75%
can't
75%
Lord
75%
love
75%
meet
75%
tired
75%
soaring
74%
Criticize
73%
roll
73%
slay
73%
radiance
72%
youth
72%
happy
71%
She'll
71%
she'll
71%
got
69%
hunt
69%
People
69%
growing
68%
red
68%
turning
68%
lights
67%
someone
65%
else
64%
lose
64%
'til
64%
attention?
63%
map
62%
Shoot
62%
sigh
62%
biding
52%
ingénue
51%
if
45%
they'll
44%
miss
43%
(Ah)
41%
woah
41%
drive
40%
wonder
38%
No matching quizzes found
Score Distribution
Percent of People with Each Score
Percentile by Number Answered
Your Score History
You have not taken this quiz